Statistics for 10 Random American Countries on an Empty Map

Click here to take the quiz!

General Stats

  • This quiz has been taken 11,072 times
  • The average score is 9 of 10

Answers on the Map

Answers color-coded by a green-red scale on the quiz's map according to % correct below.
 

Answer Stats

Country% Correct
Brazil
99%
Canada
99%
United States
99%
Chile
98%
Mexico
98%
Argentina
97%
Cuba
97%
Bahamas
94%
Panama
94%
Peru
94%
Venezuela
94%
Colombia
92%
Paraguay
92%
Bolivia
91%
Guyana
91%
Uruguay
91%
Ecuador
89%
Belize
87%
Dominican Republic
87%
Guatemala
87%
Haiti
87%
Suriname
86%
Honduras
85%
Nicaragua
85%
Costa Rica
83%
El Salvador
82%
Jamaica
82%
Saint Kitts and Nevis
76%
Saint Lucia
76%
Trinidad and Tobago
75%
Saint Vincent and the Grenadines
72%
Antigua and Barbuda
69%
Grenada
69%
Dominica
64%
Barbados
61%

Score Distribution

Percentile by Number Answered

Percent of People with Each Score

Your Score History

You have not taken this quiz